000
00283nam a22001097a 4500
008
180806b xxu||||| |||| 00| 0 eng d
082
_a
813.52
245
_a
Introductory adobe photoshop CS2 basics
_c
STUDENT DATA FILES
300
_a
1
_f
CD
440
_x
9781423971979
942
_2
ddc
_c
MX
999
_c
46821
_d
46821